[Event "Open"]
[Site "Dubai UAE"]
[Date "2001.04.23"]
[Round "8"]
[White "Sorokin,M"]
[Black "El Arousy,A"]
[Result "1-0"]
[WhiteElo "2538"]
[BlackElo "2370"]

1.c4 e5 2.g3 Nf6 3.Bg2 d5 4.cxd5 Nxd5 5.Nf3 Nc6 6.O-O Nb6 7.b3 Bc5 8.Bb2 f6
9.a3 a5 10.Qc2 Qe7 11.e3 O-O 12.Nc3 Be6 13.Ne4 Bd6 14.d4 exd4 15.Nxd4 Nxd4
16.Bxd4 Bf5 17.g4 Bg6 18.f4 Nc8 19.Rfd1 Rb8 20.f5 Bf7 21.g5 Be5 22.gxf6 gxf6
23.Qc3 Bh5 24.Bxe5 Qxe5 25.Qxe5 fxe5 26.Rd5 Ne7 27.Rxa5 Nxf5 28.Rxe5 Rbe8
29.Rxe8 Rxe8 30.Nf6+  1-0

[Event "Zone 3.2a"]
[Site "Manila PHI"]
[Date "2001.04.28"]
[Round "7"]
[White "Torre,E"]
[Black "Adianto,U"]
[Result "0-1"]
[WhiteElo "2546"]
[BlackElo "2589"]

1.c4 e5 2.g3 Nf6 3.Bg2 c6 4.d4 e4 5.Nc3 Bb4 6.Bg5 d5 7.Qb3 Bxc3+ 8.bxc3 Nbd7
9.cxd5 cxd5 10.Qb4 a5 11.Qa3 Nb6 12.Qc5 h6 13.Bxf6 Qxf6 14.e3 Qc6 15.Qxc6+ bxc6
16.Bf1 Na4 17.c4 Rb8 18.cxd5 cxd5 19.Rc1 O-O 20.Be2 Bd7 21.Bd1 Nb2 22.Rc7 Nd3+
23.Kf1 Rb2 24.Bc2 Ba4 25.Bxd3 exd3 26.Nf3 d2 27.Nxd2 Rxd2 28.Ra7 Bc2  0-1

[Event "Bank Pocztowy Open A"]
[Site "Bydgoszcz POL"]
[Date "2001.04.30"]
[Round "4"]
[White "Libov,G"]
[Black "Ziolkowski,D"]
[Result "1-0"]
[WhiteElo "2313"]
[BlackElo "2167"]

1.g3 e5 2.c4 Nf6 3.Bg2 d5 4.cxd5 Nxd5 5.Nf3 f6 6.d4 e4 7.Nfd2 e3 8.Nc4 Bb4+
9.Kf1 exf2 10.Kxf2 Nc6 11.e4 Nb6 12.Nxb6 axb6 13.Be3 O-O 14.Rf1 Kh8 15.Kg1 Na5
16.Qc2 b5 17.b3 Nc6 18.Qb2 Ba5 19.Na3 Bb6 20.Nxb5 Ra5 21.a4 Ne5 22.Rad1 Ng4
23.Bf4 c6 24.Nd6 Ne3 25.Bxe3 Qxd6 26.Qf2 Rd8 27.d5 Bxe3 28.Qxe3 Bg4 29.Rc1 c5
30.Qf4 Be2 31.Qxd6 Rxd6 32.e5 Rb6 33.Rfe1 Bh5 34.e6 Kg8 35.b4 Rxb4 36.d6 Kf8
37.e7+ Ke8 38.Bh3 Rd4 39.d7+ Rxd7 40.Bxd7+ Kxd7 41.Rcd1+  1-0

[Event "Ivan Cvitanovic Mem"]
[Site "Split CRO"]
[Date "2001.05.02"]
[Round "5"]
[White "Dimitrov,V"]
[Black "Videki,S"]
[Result "1/2-1/2"]
[WhiteElo "2512"]
[BlackElo "2405"]

1.c4 e5 2.g3 c6 3.d4 Bb4+ 4.Bd2 Bxd2+ 5.Qxd2 d6 6.Nc3 Nf6 7.Bg2 Qe7 8.e3 O-O
9.Nge2 Re8 10.h3 h5 11.O-O Nbd7 12.f4 exf4 13.exf4 Nb6 14.b3 Bf5 15.Kf2 Qd7
16.Ng1 h4 17.Rae1 hxg3+ 18.Kxg3 Re6 19.Kh2 Nh5 20.d5 Rh6 21.dxc6 bxc6 22.Nce2 Re8  1/2-1/2

[Event "Bank Pocztowy Open A"]
[Site "Bydgoszcz POL"]
[Date "2001.05.05"]
[Round "8"]
[White "Libov,G"]
[Black "Zolnierowicz,K"]
[Result "1-0"]
[WhiteElo "2313"]
[BlackElo "2313"]

1.g3 e5 2.c4 c6 3.d4 d6 4.Bg2 Nf6 5.dxe5 dxe5 6.Qxd8+ Kxd8 7.Nf3 Nfd7 8.Ng5 Ke8
9.Bh3 Na6 10.Nc3 Ndc5 11.Bxc8 Rxc8 12.Be3 f5 13.O-O-O Be7 14.Kb1 h6 15.Nf3 Bf6
16.Nh4 Bxh4 17.gxh4 f4 18.Bc1 g6 19.Rd6 Kf7 20.Rhd1 Rc7 21.b3 Re8 22.e3 Ne6
23.Ne4 Ree7 24.Bb2 Nac5 25.Nxc5 Nxc5 26.exf4 exf4 27.Rf6+ Kg8 28.Rd8+ Kh7
29.Rf7+  1-0

[Event "Bank Pocztowy Open A"]
[Site "Bydgoszcz POL"]
[Date "2001.05.06"]
[Round "9"]
[White "Gritsak,O"]
[Black "Gleizerov,E"]
[Result "0-1"]
[WhiteElo "2497"]
[BlackElo "2589"]

1.g3 e5 2.c4 Nc6 3.Bg2 g6 4.Nc3 Bg7 5.e3 Nf6 6.Nge2 O-O 7.O-O Re8 8.d3 d6
9.h3 Be6 10.Kh2 h5 11.e4 h4 12.g4 Nh7 13.f4 exf4 14.Bxf4 Ne5 15.Qd2 a6 16.b3 c5
17.d4 cxd4 18.Nxd4 Rc8 19.Kh1 Qa5 20.Rac1 Qd8 21.Rcd1 Qa5 22.Rc1 Qd8 23.Rcd1 Qa5
24.Na4 Qxd2 25.Rxd2 Bxc4 26.bxc4 Nxc4 27.Rdd1 b5 28.Nc3 Nb2 29.Nd5 Nxd1 30.Rxd1 Be5
31.Be3 Nf6 32.Nb4 Rc4 33.Ndc6 Bc3 34.Rxd6 Nxe4 35.Bxe4 Bxb4 36.Nxb4 Rxb4
37.Bd4 Ra4 38.Bb1 Rxd4 39.Rxd4 Re1+ 40.Kg2 Rxb1 41.a4 Rb2+ 42.Kf3 Rb3+ 43.Kf4 Kg7
44.axb5 axb5 45.g5 Rxh3 46.Rb4 Rc3 47.Rxb5 Rc4+ 48.Kf3 h3 49.Kg3 Rc3+ 50.Kh2 Rf3
51.Rb4 Kf8 52.Re4 f6 53.gxf6 Kf7 54.Ra4 Kxf6 55.Ra8 Kf5 56.Ra5+ Kg4 57.Ra4+ Kh5
58.Rb4 g5 59.Ra4 g4 60.Ra8 Rf2+ 61.Kg3 Rg2+ 62.Kf4 h2  0-1

[Event "54th ch-RUS"]
[Site "Elista RUS"]
[Date "2001.05.08"]
[Round "8"]
[White "Shariyazdanov,A"]
[Black "Turov,M"]
[Result "1/2-1/2"]
[WhiteElo "2594"]
[BlackElo "2553"]

1.c4 e5 2.g3 Nf6 3.Bg2 c6 4.Nf3 e4 5.Nd4 d5 6.cxd5 Qxd5 7.Nc2 Qh5 8.h3 Qg6
9.Nc3 Bd6 10.Ne3 O-O 11.O-O Re8 12.d3 exd3 13.exd3 Nbd7 14.a4 Nc5 15.d4 Nd3
16.Qf3 Be6 17.a5 a6 18.Rd1  1/2-1/2

[Event "XXXVI Capablanca Mem Premier II"]
[Site "Havana CUB"]
[Date "2001.05.18"]
[Round "12"]
[White "Matamoros Franco,C"]
[Black "Gomez,Fe"]
[Result "0-1"]
[WhiteElo "2467"]
[BlackElo "2462"]

1.c4 e5 2.g3 Nf6 3.Bg2 Nc6 4.Nc3 g6 5.e4 Bg7 6.Nge2 d6 7.d3 Be6 8.Nd5 h6
9.h3 O-O 10.Be3 Nd7 11.Qd2 Kh7 12.d4 exd4 13.Nxd4 Nce5 14.Rc1 Nc5 15.O-O Bxd5
16.cxd5 a5 17.Rc2 Qe8 18.Qe2 Ned3 19.a3 Qa4 20.Nf3 Rae8 21.Rd2 Qb3 22.Nd4 Bxd4
23.Bxd4 f5 24.h4 fxe4 25.h5 g5 26.Bc3 a4 27.Rxd3 exd3 28.Qg4 d2 29.Qd4 Rf7
30.Qxd2 Qc4 31.Qc2+ Qd3 32.Qxd3+ Nxd3 33.Bh3 Nc5 34.Bg4 c6 35.Rd1 Ne4 36.dxc6 bxc6
37.Bd4 c5 38.Be3 Kg7 39.Kg2 Rb7 40.Bc1 Nf6 41.Bf5 d5 42.Bg6 Re2 43.Kf1 Rexb2
44.Bxb2 Rxb2 45.Re1 Ng4 46.Re2 Nh2+ 47.Ke1 Nf3+ 48.Kf1 Rb3 49.Kg2 g4 50.Re7+ Kf6
51.Rf7+ Ke6 52.Rf4 Rxa3 53.Rxg4 Ne5 54.Rf4 d4 55.Rf8 d3 56.f4 Ra2+ 57.Kh3 d2
58.Rd8 Nd7  0-1

[Event "XXXVI Capablanca Mem Premier I"]
[Site "Havana CUB"]
[Date "2001.05.18"]
[Round "12"]
[White "Pecorelli Garcia,H"]
[Black "Quezada,Y"]
[Result "1-0"]
[WhiteElo "2430"]
[BlackElo "2474"]

1.c4 e5 2.g3 Nc6 3.Bg2 g6 4.Nc3 Bg7 5.Rb1 a5 6.d3 Nf6 7.e3 O-O 8.Nge2 d6
9.O-O Be6 10.Nd5 Qd7 11.f4 Ne8 12.Rf2 Nd8 13.b3 Ra6 14.fxe5 Bxe5 15.d4 Bg7
16.Ndf4 Nf6 17.Nxe6 fxe6 18.Nf4 Ra8 19.Bd2 c6 20.Bc3 d5 21.Qe2 Nf7 22.Qe1 b6
23.Bb2 Nd6 24.Rc2 Ra7 25.Ba3 Re8 26.Bxd6 Qxd6 27.Nd3 Nd7 28.Rbc1 Rc7 29.c5 bxc5
30.Nxc5 e5 31.Nxd7 Qxd7 32.Qxa5 Ra7 33.Qc3 Ra6 34.Qd3 Rb6 35.dxe5 Rxe5 36.e4 Bh6
37.Qd4 Qc7 38.Rf1 Rb8 39.Kh1 dxe4 40.Bxe4 c5 41.Bd5+ Kh8 42.Rxc5 Qd6 43.Re1 Bg7
44.Rxe5 Bxe5 45.Qc4 Rf8 46.Rc8 Rxc8 47.Qxc8+ Kg7 48.Qe6 Qc7 49.Kg2 Qc2+ 50.Kh3 Qe2
51.Qe7+ Kh6 52.Qf8+ Kg5 53.Bc4 Qg4+ 54.Kg2 Qe4+ 55.Qf3 Qc2+ 56.Qe2 Qc3 57.a4 h5
58.Bd3 Qc6+ 59.Qe4 Qxe4+ 60.Bxe4 Kf6 61.a5 g5 62.a6 Bd4 63.h4 gxh4 64.gxh4 Bb6
65.Bf3  1-0

[Event "Open"]
[Site "Pula CRO"]
[Date "2001.05.19"]
[Round "2"]
[White "Sudar,B"]
[Black "Mikac,M"]
[Result "1-0"]
[WhiteElo "2223"]
[BlackElo "2406"]

1.c4 e5 2.g3 Nf6 3.Bg2 d5 4.cxd5 Nxd5 5.Nc3 Nb6 6.Nf3 Nc6 7.O-O Be7 8.d3 O-O
9.a3 Re8 10.b4 Bf8 11.Bb2 a5 12.b5 Nd4 13.e3 Nxf3+ 14.Bxf3 a4 15.Rc1 f5 16.Bg2 Ra7
17.e4 f4 18.Ne2 Bg4 19.f3 Bd7 20.gxf4 exf4 21.Nxf4 Bd6 22.Ne2 Bxb5 23.f4 Bf8
24.Nd4 Bd7 25.f5 c5 26.Nf3 Bb5 27.f6 Nd7 28.f7+ Kxf7 29.Ng5+ Kg6 30.Nf7 Qh4
31.Qf3 Nf6 32.Ne5+ Kh6 33.Qf5 b6 34.Rf3 g6 35.Qxf6 Qxf6 36.Ng4+  1-0

[Event "TCh-NOR Final"]
[Site "Langesund NOR"]
[Date "2001.05.23"]
[Round "1"]
[White "Lie,K"]
[Black "Fyllingen,R"]
[Result "1-0"]
[WhiteElo "2347"]
[BlackElo "2389"]

1.c4 e5 2.g3 Nf6 3.Bg2 Nc6 4.Nc3 Bb4 5.Nd5 a5 6.e3 O-O 7.Ne2 Re8 8.O-O Ra6
9.f4 exf4 10.Nexf4 Nxd5 11.Bxd5 Ne5 12.b3 Rh6 13.d4 c6 14.Bg2 Ng6 15.e4 Nxf4
16.Bxf4 Rg6 17.Qf3 d5 18.Qd3 Bg4 19.a3 dxe4 20.Bxe4 f5 21.Bf3 Bc5 22.Rad1 Bxa3
23.d5 Bc5+ 24.Kh1 Bxf3+ 25.Rxf3 cxd5 26.Qxf5 Qe7 27.cxd5 Qe2 28.Rdf1 Rf6
29.Qd7 Qe4 30.Kg2 g5 31.Bxg5 Rxf3 32.Rxf3 Bd4 33.Qf7+ Kh8 34.d6 Rc8 35.d7  1-0

[Event "FSGM June"]
[Site "Budapest HUN"]
[Date "2001.06.04"]
[Round "3"]
[White "Berkes,F"]
[Black "Jakab,A"]
[Result "1-0"]
[WhiteElo "2393"]
[BlackElo "2363"]

1.c4 e5 2.g3 Nf6 3.Bg2 Nc6 4.Nc3 Bc5 5.a3 a5 6.e3 O-O 7.Nge2 d6 8.O-O Bf5
9.d3 Qd7 10.Re1 Bh3 11.Bh1 Ng4 12.Ne4 h6 13.Nxc5 dxc5 14.Nc3 f5 15.Nd5 g5
16.Bd2 f4 17.f3 Nf6 18.Qb3 Rab8 19.Bc3 Be6 20.Nxf6+ Rxf6 21.Qc2 Rbf8 22.Qe2 Rg6
23.exf4 gxf4 24.Qe4 Bf5 25.Qd5+ Qxd5 26.cxd5 Nd4 27.Rxe5 fxg3 28.hxg3 Rxg3+
29.Kf2 Rg7 30.Rd1 b6 31.Ke3 Nb5 32.Bd2 Nd6 33.Ke2 Kh7 34.Rf1 c4 35.Kf2 Bxd3
36.Rfe1 Nf5 37.Re6 Rff7 38.Bc3 Rg5 39.Be5 Rg6 40.f4 c5 41.Re8 Rg8 42.Rxg8 Kxg8
43.d6 Kh7 44.Bc6 Nd4 45.Be8 Ra7 46.d7 Nc6 47.Bf6 Ra8 48.Re6  1-0

[Event "ch-IND"]
[Site "New Delhi IND"]
[Date "2001.06.05"]
[Round "7"]
[White "Kunte,A"]
[Black "Lahiri,A"]
[Result "1-0"]
[WhiteElo "2568"]
[BlackElo "2391"]

1.c4 e5 2.g3 Nf6 3.Bg2 d5 4.cxd5 Nxd5 5.Nf3 Nc6 6.d3 Be7 7.a3 O-O 8.O-O Be6
9.Nbd2 f5 10.Qc2 Bf6 11.Nb3 Kh8 12.e4 fxe4 13.dxe4 Nb6 14.Nc5 Qc8 15.b3 Bg4
16.Bb2 Nd7 17.Nd3 Qe8 18.h3 Be6 19.Nd2 Qh5 20.Kh2 Rad8 21.Nc4 g5 22.Ne3 g4
23.Nd5 gxh3 24.Bh1 Bxd5 25.exd5 Nd4 26.Bxd4 exd4 27.Rae1 Ne5 28.Nxe5 Bxe5
29.f4 Bf6 30.Bf3 Qf7 31.Re6 c6 32.Kxh3 cxd5 33.Rfe1 Rfe8 34.Qf5 Rxe6 35.Rxe6 Rf8
36.Bxd5 Qg7 37.Be4 Be7 38.Qh5 Bf6 39.g4 Qf7 40.Qxf7 Rxf7 41.g5 Re7 42.Rxf6 Rxe4
43.Kg4 Re3 44.Rd6 Rxb3 45.f5 Rxa3 46.f6 Kg8 47.Rd8+ Kf7 48.Rd7+ Kg8 49.Rg7+ Kh8
50.Rxb7 Kg8 51.Rb8+ Kf7 52.Rh8  1-0

[Event "43rd Tch-POR"]
[Site "Barreiro POR"]
[Date "2001.06.22"]
[Round "5"]
[White "Pinheiro,J"]
[Black "Durao,J"]
[Result "1-0"]
[WhiteElo "2311"]
[BlackElo "2119"]

1.c4 e5 2.g3 f5 3.Bg2 Nf6 4.Nc3 Nc6 5.e3 g6 6.Nge2 Bg7 7.O-O O-O 8.d3 d6
9.Rb1 Be6 10.Nd5 Rb8 11.Qa4 Nd7 12.b4 a6 13.Qc2 Ne7 14.b5 axb5 15.Nxe7+ Qxe7
16.cxb5 Nb6 17.a3 d5 18.Bd2 Rfc8 19.Bb4 Qf7 20.Rfc1 Ra8 21.Qd2 Qd7 22.Nc3 Bf8
23.Qb2 Ra7 24.Bxf8 Rxf8 25.Qb4 Rfa8 26.Ra1 Kf7 27.Qh4 Kg7 28.Qb4 Kf7 29.Ne2 Na4
30.Nc3 Nb6 31.Ne2 Na4 32.h4 Ra5 33.Rab1 Nb6 34.Qc3 Rxb5 35.Rxb5 Qxb5 36.Qxe5 c6
37.Nd4 Qb2 38.Qxe6+ Kf8 39.Rc2 Qa1+ 40.Kh2 Rxa3  1-0

[Event "Open"]
[Site "Batumi GEO"]
[Date "2001.06.27"]
[Round "2"]
[White "Mgeladze,T"]
[Black "Lomineishvili,M"]
[Result "0-1"]
[WhiteElo "2288"]
[BlackElo "2437"]

1.c4 e5 2.g3 g6 3.Nc3 Bg7 4.Bg2 Nf6 5.Nf3 d6 6.O-O O-O 7.d3 h6 8.Rb1 a5 9.a3 Re8
10.Nd2 c6 11.b4 axb4 12.axb4 Be6 13.b5 d5 14.bxc6 bxc6 15.cxd5 cxd5 16.Nc4 Nc6
17.Nb5 Bf8 18.Ba3 Bxa3 19.Ncxa3 Qd7 20.Qd2 Kh7 21.Rfc1 Rec8 22.d4 Nxd4 23.Nxd4 Rxa3
24.Qb2 Ra5 25.Nb3 Rb5 26.Qxe5 Ng4 27.Qf4 Rxc1+ 28.Rxc1 Rxb3 29.h3 Nxf2 30.Qxf2 Kg8
31.Kh2 Qd6 32.Qf4 Qxf4 33.gxf4 Rb2 34.Bf3 Rd2 35.Kg3 d4 36.h4 d3 37.exd3 Rxd3
38.Kf2 Kg7 39.Rc5 Kf6 40.Re5 Ra3 41.Rc5 Ra4 42.Kg3 Ra2 43.Rb5 Ra3 44.Kf2 h5
45.Rc5 Bg4 46.Bg2 Rd3 47.Ra5 Rc3 48.Rb5 Bd7 49.Ra5 Rb3 50.Rc5 Be6 51.Ra5 Bc8
52.Re5 Bd7 53.Rc5 Ra3 54.Bf3 Be6 55.Kg2 Ke7 56.Kf2 Kd6 57.Rc6+ Kd7 58.Rc5 Rd3
59.Bg2 Kd6 60.Rc6+ Ke7 61.Rc5 Bd7 62.Rd5 Rc3 63.Re5+ Kf6 64.Ra5 Rc2+ 65.Kg3 Rb2
66.Rc5 Be6 67.Ra5 Bc8 68.Rc5 Rb3+ 69.Kf2 Bh3 70.Bf3 Bg4 71.Bg2 Rb2+ 72.Kg3 Re2
73.Rc6+ Be6 74.Rc5 Ke7 75.Bf3 Rb2 76.Rc7+ Kd6 77.Rc6+ Kd7 78.Rc5 Ra2 79.Bg2 Ra6
80.Rb5 Kd6 81.Bf3 Bc4 82.Rg5 Ra3 83.Kf2 Be6 84.Rb5 Ra2+ 85.Kg3 Rd2 86.Ra5 Bc4
87.Bg2 Rb2 88.Rg5 Be6 89.Ra5 Bc8 90.Rd5+ Ke6 91.Re5+ Kf6 92.Bf3 Rb3 93.Kg2 Bg4
94.Bxg4 hxg4 95.h5 gxh5 96.Rxh5 Rf3 97.Ra5 Rxf4 98.Kg3 Rb4 99.Rc5 Kg6 100.Kh4 Kf6
101.Ra5 Re4 102.Kg3 Ke6 103.Kh4 Rd4 104.Rb5 f5 105.Kg5 g3 106.Rb6+ Ke5 107.Rb5+ Ke4
108.Rb3 f4  0-1

[Event "Narciso Yepes"]
[Site "Lorca ESP"]
[Date "2001.06.29"]
[Round "9"]
[White "Foisor,O"]
[Black "Lalic,B"]
[Result "1-0"]
[WhiteElo "2414"]
[BlackElo "2501"]

1.c4 e5 2.g3 Nf6 3.Bg2 Nc6 4.Nf3 g6 5.O-O Bg7 6.Nc3 O-O 7.d3 Re8 8.Bg5 h6
9.Bxf6 Bxf6 10.Rb1 a5 11.a3 d6 12.b4 axb4 13.axb4 Bg7 14.e3 Kh7 15.b5 Ne7
16.Ne1 f5 17.Nc2 Rb8 18.Nb4 Bd7 19.Qc2 Rf8 20.Nbd5 Nxd5 21.Nxd5 Rf7 22.Qb3 c6
23.bxc6 Bxc6 24.Rfc1 b5 25.cxb5 Bxd5 26.Bxd5 Rc7 27.Rxc7 Qxc7 28.b6  1-0

[Event "Open"]
[Site "Batumi GEO"]
[Date "2001.07.05"]
[Round "9"]
[White "Javakhishvili,L"]
[Black "Gurieli,N"]
[Result "0-1"]
[WhiteElo "2305"]
[BlackElo "2356"]

1.c4 e5 2.g3 Nf6 3.Bg2 Nc6 4.Nc3 Bc5 5.a3 d6 6.e3 Bg4 7.Nge2 Qd7 8.h3 Bf5
9.d4 Bb6 10.d5 Ne7 11.e4 Bg6 12.O-O h5 13.Kh2 c6 14.Qd3 cxd5 15.cxd5 a6 16.f4 Ng4+
17.Kh1 exf4 18.gxf4 Nf2+ 19.Rxf2 Bxf2 20.Qf3 Bb6 21.f5 Bh7 22.Qxh5 g6 23.fxg6 Nxg6
24.Bg5 Bd8 25.Be3 Bg8 26.Qf5 Nh4 27.Qxd7+ Kxd7 28.Bd4 Rh6 29.Rf1 Bg5 30.Ng3 Re8
31.Nf5 Nxf5 32.Rxf5 f6 33.Rf2 Bh7 34.Kh2 Ke7 35.a4 Rh4 36.Rc2 Bf4+ 37.Kg1 Rg8
38.Kf1 Be5 39.Bf2 Rf4 40.Bh1 Bd4 41.Nd1 Kd7 42.Rc4 Bxf2 43.Nxf2 f5 44.Ke2 fxe4
45.Rb4 Kc7 46.Rc4+ Kd8 47.Rb4 Rgf8 48.Ng4 Kc7 49.Rc4+ Kb6 50.Rb4+ Ka7 51.Bg2 Bf5
52.Ne3 Bg6 53.Ng4 Bh5 54.Bxe4 Bxg4+ 55.hxg4 Rxg4 56.Rd4 Re8 57.Kd3 Kb6 58.b4 a5
59.bxa5+ Kxa5 60.Bf5 Rxd4+ 61.Kxd4 Re7  0-1

[Event "Glorney Cup"]
[Site "Hyerois FRA"]
[Date "2001.07.09"]
[Round "2"]
[White "Hanley,C"]
[Black "Redpath,J"]
[Result "0-1"]
[WhiteElo "2278"]
[BlackElo "2131"]

1.c4 e5 2.g3 Nc6 3.Bg2 f5 4.Nf3 Nf6 5.d3 Bb4+ 6.Nc3 Bxc3+ 7.bxc3 d6 8.O-O O-O
9.Rb1 Rb8 10.Nd2 Bd7 11.f4 Qe8 12.e4 exf4 13.gxf4 Qg6 14.Qf3 fxe4 15.dxe4 Nh5
16.Qe3 Qh6 17.Nb3 b6 18.Nd4 Na5 19.e5 dxe5 20.Qxe5 c5 21.f5 Qf6 22.Qd5+ Rf7
23.Ne6 Bc6 24.Qd6 Rc8 25.Bxc6 Nxc6 26.Bg5 Qxc3 27.Rbd1 h6 28.Bxh6 gxh6  0-1

[Event "Heart of Finland Open"]
[Site "Jyvaskyla FIN"]
[Date "2001.07.10"]
[Round "4"]
[White "Lehtinen,H"]
[Black "Jaderholm,B"]
[Result "1-0"]
[WhiteElo "2346"]
[BlackElo "2014"]

1.c4 e5 2.g3 d5 3.cxd5 Qxd5 4.Nf3 Nc6 5.Nc3 Qd8 6.Bg2 Bc5 7.O-O Nge7 8.a3 a6
9.b4 Ba7 10.Bb2 Be6 11.Ne4 f6 12.Rc1 Qd7 13.Nc5 Bxc5 14.Rxc5 O-O-O 15.Qc2 h5
16.Rc1 h4 17.a4 Nd5 18.b5 axb5 19.axb5 Ncb4 20.Qa4 Qd6 21.Ba3 b6 22.R5c4 Kd7
23.Bxb4 Nxb4 24.Rxb4 Ra8 25.Nxe5+ fxe5 26.Bxa8 Rxa8 27.Qxa8 Qxb4 28.Qc6+ Ke7
29.Qxc7+ Kf6 30.Qd8+ Kf5 31.Qxb6 Qxd2 32.Qe3 Qb2 33.b6 h3 34.f4 Bd5 35.Qxe5+ Qxe5
36.fxe5 Bg2 37.Rc7  1-0

[Event "ch-NOR"]
[Site "Kristiansund NOR"]
[Date "2001.07.13"]
[Round "8"]
[White "Dannevig,O"]
[Black "Hansen,TR"]
[Result "1-0"]
[WhiteElo "2317"]
[BlackElo "2244"]

1.c4 e5 2.g3 Nc6 3.Bg2 f5 4.Nc3 Nf6 5.d3 Bb4 6.Bd2 O-O 7.e3 Bxc3 8.Bxc3 d6
9.Ne2 Qe8 10.Qd2 a5 11.h3 Be6 12.O-O f4 13.exf4 Qh5 14.h4 Ng4 15.Rae1 Rae8
16.b3 Bc8 17.d4 h6 18.dxe5 dxe5 19.f3 Nf6 20.fxe5 Nxe5 21.Nf4 Qf5 22.Rxe5 Rxe5
23.Bh3 Qh7 24.Bxe5 Bxh3 25.Nxh3 Qf5 26.Bxf6 Qxh3 27.Be5  1-0

[Event "ch-SUI Women"]
[Site "Scuol SUI"]
[Date "2001.07.15"]
[Round "4"]
[White "Kradolfer,C"]
[Black "Jahn,C"]
[Result "1/2-1/2"]
[WhiteElo "2074"]
[BlackElo "2254"]

1.c4 e5 2.g3 Nc6 3.Bg2 Bc5 4.Nc3 d6 5.Nf3 Be6 6.d3 f6 7.O-O Qd7 8.Re1 Nge7
9.a3 Bb6 10.b4 g5 11.Ne4 Kf7 12.c5 dxc5 13.Nxc5 Bxc5 14.bxc5 h5 15.Rb1 b6
16.cxb6 cxb6 17.Bb2 Rac8 18.Qa4 h4 19.Rbc1 hxg3 20.fxg3 Bh3 21.Bh1 Rc7 22.Rc2 Qd6
23.Nd2 b5 24.Qa6 Bc8 25.Ne4 Qe6 26.Qxb5 Nd4 27.Bxd4 Rxc2 28.Rf1 Kg6 29.Rxf6+ Qxf6
30.Nxf6 Rc1+ 31.Kf2 Rxh1 32.Qxe5 R8xh2+ 33.Ke3 Re1 34.Kd2 Rexe2+ 35.Qxe2 Rxe2+
36.Kxe2 Nf5 37.Be5 Nxg3+  1/2-1/2

[Event "Dutch Open"]
[Site "Dieren NED"]
[Date "2001.07.18"]
[Round "2"]
[White "Van der Elburg,F"]
[Black "Molinari,G"]
[Result "0-1"]
[WhiteElo "2263"]
[BlackElo "2162"]

1.c4 e5 2.g3 g6 3.Bg2 Bg7 4.Nc3 d6 5.e4 Ne7 6.Nge2 Nbc6 7.O-O O-O 8.d3 f5
9.Be3 Nd4 10.Qd2 fxe4 11.dxe4 Nf3+ 12.Bxf3 Rxf3 13.Nd5 Nxd5 14.Qxd5+ Rf7
15.c5 Bh3 16.Rfe1 c6 17.Qd2 d5 18.Rad1 d4 19.f4 Qc8 20.Bf2 Qg4 21.Qd3 Raf8
22.Kh1 exf4 23.Qb3 fxg3 24.Nxg3 Kh8 25.Bg1 h5  0-1

[Event "Heart of Finland Open"]
[Site "Jyvaskyla FIN"]
[Date "2001.07.20"]
[Round "5"]
[White "Hentunen,A"]
[Black "Hintikka,E"]
[Result "1-0"]
[WhiteElo "2360"]
[BlackElo "2125"]

1.c4 e5 2.g3 Nc6 3.Bg2 g6 4.Nc3 Bg7 5.Rb1 a5 6.a3 Nf6 7.b4 axb4 8.axb4 O-O
9.b5 Nd4 10.Nf3 Re8 11.d3 d6 12.Nd2 Nd7 13.Nd5 Nc5 14.b6 c6 15.Nc7 Na4 16.Ne4 Bf5
17.Nxa8 Bxe4 18.dxe4 Nc3 19.Qd3 Ndxe2 20.Nc7 Rf8 21.Bb2 Na4  1-0

[Event "Heart of Finland Open"]
[Site "Jyvaskyla FIN"]
[Date "2001.07.22"]
[Round "9"]
[White "Sorsa,M"]
[Black "Issakainen,A"]
[Result "1/2-1/2"]
[WhiteElo "2111"]
[BlackElo "2222"]

1.c4 e5 2.g3 Nc6 3.Bg2 g6 4.Nc3 Bg7 5.e4 Nge7 6.Nge2 O-O 7.O-O Nd4 8.Nxd4 exd4
9.Nd5 b5 10.b3 Ba6 11.d3 c6 12.Nxe7+ Qxe7 13.a4 bxc4 14.Ba3 c5 15.bxc4 Bb7  1/2-1/2

[Event "Dutch Open"]
[Site "Dieren NED"]
[Date "2001.07.23"]
[Round "6"]
[White "Van der Elburg,F"]
[Black "Wilschut,P"]
[Result "1-0"]
[WhiteElo "2263"]
[BlackElo "2142"]

1.c4 e5 2.g3 Nc6 3.Bg2 g6 4.Nc3 Bg7 5.e4 d6 6.Nge2 h5 7.h4 Bg4 8.f3 Be6 9.d3 Qd7
10.Nd5 O-O-O 11.Qa4 Kb8 12.b4 Nd4 13.Qxd7 Bxd7 14.Nxd4 exd4 15.b5 Rc8 16.Rb1 Ka8
17.Bg5 c6 18.bxc6 bxc6 19.Nb4 c5 20.Nd5 Be6 21.Bh3 Be5 22.f4 Bg7 23.Bd8 Bxd5
24.Bxc8 Nh6 25.cxd5  1-0

[Event "Dutch Open"]
[Site "Dieren NED"]
[Date "2001.07.25"]
[Round "8"]
[White "Janssen,R"]
[Black "Van den Doel,E"]
[Result "1-0"]
[WhiteElo "2437"]
[BlackElo "2607"]

1.c4 e5 2.g3 Nf6 3.Bg2 d5 4.cxd5 Nxd5 5.Nf3 Nc6 6.O-O Be7 7.d4 e4 8.Ne5 f5
9.Nxc6 bxc6 10.Nd2 c5 11.dxc5 Bxc5 12.Qc2 Qd6 13.Nc4 Qe6 14.a3 O-O 15.b4 Be7
16.Na5 Bf6 17.Bb2 Bxb2 18.Qxb2 f4 19.Qd4 Nf6 20.gxf4 Qf7 21.Rac1 Kh8 22.Nc6 Qh5
23.e3 Bh3 24.Rc5 Qh4 25.Rg5 Bxg2 26.Kxg2 Rae8 27.Ne5 Re6 28.Rg3 Ng8 29.Qxe4 Rh6
30.h3 Qd8 31.Rc1 Ne7 32.Rg5 Ng8 33.Rc6 Nf6 34.Qc4 Qc8 35.f5 Qe8 36.Re6 Qa4
37.Re7 Qd1 38.Rexg7 Rxh3 39.Rg8+ Nxg8 40.Qxg8+  1-0

[Event "Keres Mem Open"]
[Site "Tallinn EST"]
[Date "2001.07.25"]
[Round "1"]
[White "Gavrikov,Vi"]
[Black "Teemae,L"]
[Result "1-0"]
[WhiteElo "2567"]
[BlackElo "2120"]

1.c4 e5 2.g3 Nf6 3.Bg2 Nc6 4.Nc3 Bb4 5.Nd5 O-O 6.Nxb4 Nxb4 7.d3 a5 8.Nf3 d6
9.O-O Bd7 10.a3 Na6 11.b3 Nc5 12.d4 exd4 13.Nxd4 Ne6 14.Bb2 Nxd4 15.Qxd4 Bc6
16.e4 Ne8 17.Rfe1 Qf6 18.Qd2 Qe6 19.Rac1 Nf6 20.Qc3 Nh5 21.f4 f5 22.e5 Bxg2
23.Kxg2 Rfe8 24.Qf3 Qg6 25.exd6 cxd6 26.Rcd1 Rad8 27.Bc3 b6 28.Bd4 Rb8 29.Rxe8+ Qxe8
30.Qd5+  1-0

[Event "ch-Paris Open"]
[Site "Paris FRA"]
[Date "2001.07.26"]
[Round "6"]
[White "Bogdanov,E"]
[Black "Chabanon,JL"]
[Result "1/2-1/2"]
[WhiteElo "2260"]
[BlackElo "2511"]

1.c4 e5 2.g3 Nc6 3.Bg2 Nf6 4.a3 Bc5 5.Nc3 Bd4 6.Nd5 Nxd5 7.cxd5 Nb8 8.Nf3 Qf6
9.Nxd4 exd4 10.Qc2 O-O 11.O-O d6 12.d3 c5 13.dxc6 Nxc6 14.Bf4 Bg4 15.h3 Bd7
16.Qd2 h6 17.h4 Rfe8 18.Rac1 Rab8 19.Rfe1 a6 20.b4 Re7 21.Bf3 Rbe8 22.a4 Nd8
23.b5 axb5 24.axb5 Bxb5 25.Qb4 Bc6 26.Bxc6 Nxc6 27.Qxd6 Re6 28.Qd7 g5 29.hxg5 hxg5
30.Bd2 Rxe2 31.Qxe8+ Rxe8 32.Rxe8+ Kg7 33.Rc5 Qf3 34.Rxg5+ Kf6 35.Bf4 Nb4
36.Rgg8 Nxd3 37.Bg5+ Kf5 38.Bh4 Qxf2+ 39.Kh1 Qf3+ 40.Kh2 f6 41.Rgf8 Qf2+
42.Kh3 Qf1+ 43.Kh2 Qf2+ 44.Kh3 Qf1+  1/2-1/2

[Event "Pre-Continental g/25,10"]
[Site "Sao Paulo BRA"]
[Date "2001.07.28"]
[Round "2"]
[White "Lima,Da"]
[Black "Santos,MVM"]
[Result "1-0"]
[WhiteElo "2543"]
[BlackElo "2247"]


1.g3 e5 2.c4 Nf6 3.Bg2 d5 4.cxd5 Nxd5 5.Nf3 Nc6 6.Nc3 Nb6 7.O-O Be7 8.d3 O-O
9.Be3 Be6 10.Na4 e4 11.Ne1 exd3 12.Nxd3 Nxa4 13.Qxa4 Bd5 14.Bh3 Bd6 15.Nf4 Bxf4
16.Bxf4 b5 17.Qxb5 Nd4 18.Qd3 c5 19.Be5 Qe7 20.Bxd4 cxd4 21.Qxd4 Rad8 22.Qe3 Qb7
23.Rad1 Qxb2 24.Rd2 Qb7 25.Rfd1 Rde8 26.Qc5 Bc6 27.Rc1 Bb5 28.Rb2 Rxe2 29.Rxb5  1-0

[Event "Pre-Continental g/25,10"]
[Site "Sao Paulo BRA"]
[Date "2001.07.28"]
[Round "5"]
[White "Sunye Neto,J"]
[Black "Santos,MVM"]
[Result "1-0"]
[WhiteElo "2558"]
[BlackElo "2247"]


1.c4 e5 2.g3 Nf6 3.Bg2 d5 4.cxd5 Nxd5 5.Nc3 Nb6 6.Nf3 Nc6 7.O-O Be7 8.d3 O-O
9.Be3 Bg4 10.h3 Bh5 11.Rc1 f5 12.b4 Bf6 13.Bc5 Re8 14.e4 f4 15.g4 Bf7 16.b5 Nd4
17.Bxd4 exd4 18.Ne2 a6 19.a4 axb5 20.axb5 Qd6 21.Qd2 Ra2 22.Rc2 Rxc2 23.Qxc2 Ra8
24.Rc1 Ra2 25.Qxc7 Qxc7 26.Rxc7 Rxe2 27.Rxb7 Nc8 28.Rb8 Be6 29.b6 Kf7 30.b7 Rc2
31.Ra8 Rc1+ 32.Kh2  1-0

[Event "MTO"]
[Site "Biel SUI"]
[Date "2001.07.29"]
[Round "6"]
[White "Gutkin,B"]
[Black "Rufener,M"]
[Result "1-0"]
[WhiteElo "2295"]
[BlackElo "2194"]

1.c4 e5 2.g3 Nf6 3.Bg2 d5 4.cxd5 Nxd5 5.Nf3 Nc6 6.O-O Be7 7.d4 exd4 8.Nxd4 Nxd4
9.Qxd4 Be6 10.Qxg7 Bf6 11.Qh6 Qe7 12.e4 Nb4 13.Nc3 O-O-O 14.Bf4 Nd3 15.Be3 Nxb2
16.Nb5 a6 17.Nxc7 Kxc7 18.Bf4+ Kc8 19.e5 Bh4 20.Rab1 Qa3 21.Qxh4 Bxa2 22.Ra1 Nd3
23.Bg5 Rd7 24.Bf6 Re8 25.Bh3 Nxe5 26.Bxe5 Rxe5 27.Bxd7+ Kxd7 28.Qd4+ Ke6
29.Qd2  1-0

[Event "MTO"]
[Site "Biel SUI"]
[Date "2001.07.29"]
[Round "6"]
[White "Markowski,T"]
[Black "Musalov,R"]
[Result "1-0"]
[WhiteElo "2548"]
[BlackElo "2313"]

1.g3 e5 2.c4 Nf6 3.Bg2 c6 4.d4 exd4 5.Qxd4 d5 6.Nf3 Be7 7.O-O O-O 8.cxd5 Qxd5
9.Nc3 Qxd4 10.Nxd4 Rd8 11.Rd1 Na6 12.Bf4 Nb4 13.Nb3 Be6 14.Na5 Rxd1+ 15.Rxd1 Nxa2
16.Nxa2 Bxa2 17.Nxb7 Bd5 18.Rc1 h6 19.Bxd5 cxd5 20.Rc7 Bf8 21.Be5 Re8 22.Bxf6 gxf6
23.Kf1 Re4 24.b3 Rd4 25.Na5 a6 26.Nc6 Rd1+ 27.Kg2 Bd6 28.Ra7 d4 29.Rxa6 d3
30.exd3 Rxd3 31.Ra8+ Kg7 32.Rd8 Rd2 33.Ne7 Bb4 34.Rxd2 Bxd2 35.Kf3 Kf8 36.Nd5 f5
37.Ne3 Ke7 38.Nxf5+ Ke6 39.Ke4 Kf6 40.Ne3 h5 41.f3 Be1 42.Nf5 Kg5 43.h3 Kf6
44.f4 Kg6 45.g4 hxg4 46.hxg4 Kf6 47.Nd4 Bd2 48.Nf3 Ba5 49.Kd5 Ke7 50.Ne5 Bd2
51.Nd3 f6 52.f5 Kd7 53.Nc5+ Ke7 54.Kc6 Be1 55.Nd3 Bg3 56.b4 Kd8 57.b5 Ke7
58.b6 Bh2 59.b7  1-0